Vývoj regionálnej politiky a ekonomiky Európskej únie po jej poslednom rozširovaní bakalárska práca

Gespeichert in:
Bibliographische Detailangaben
1. Verfasser: Verešová, Veronika
Körperschaft: Obchodná fakulta EU. Katedra medzinárodného obchodu
Weitere Verfasser: Slováková, Viera
Format: Buch
Sprache:Slowakisch
Veröffentlicht: Bratislava 2009
Tags: Tag hinzufügen
Keine Tags, Fügen Sie das erste Tag hinzu!

MARC

LEADER 00000nam$a2200000$$$4500
001 0104325
005 20240318133942.9
041 0 |a slo 
044 |a SK 
245 1 0 |a Vývoj regionálnej politiky a ekonomiky Európskej únie po jej poslednom rozširovaní  |b bakalárska práca  |c Veronika Verešová ; škol. Viera Slováková 
264 1 |a Bratislava  |c 2009 
300 |a 60 s. 
100 1 |a Verešová, Veronika 
700 1 |a Slováková, Viera 
710 2 |a Obchodná fakulta EU. Katedra medzinárodného obchodu